La penetración americana en España / (Record no. 149562)
[ view plain ]
| 000 -LEADER | |
|---|---|
| campo de control de longitud fija | 00941nam a2200253 i 4500 |
| 001 - NÚMERO DE CONTROL | |
| campo de control | 149562 |
| 003 - IDENTIFICADOR DE NÚMERO DE CONTROL | |
| campo de control | ES-MaACL |
| 005 - FECHA Y HORA DE LA ÚLTIMA TRANSACCIÓN | |
| campo de control | 20240502063046.0 |
| 007 - CAMPO FIJO DE DESCRIPCIÓN FÍSICA--INFORMACIÓN GENERAL | |
| campo de control de longitud fija | t| |
| 008 - DATOS DE LONGITUD FIJA--INFORMACIÓN GENERAL | |
| campo de control de longitud fija | 071023s1974 sp ||||1| spa d |
| 100 0# - ENTRADA PRINCIPAL--NOMBRE DE PERSONA | |
| Nombre de persona | Vázquez Montalbán, Manuel, |
| Fechas asociadas al nombre | 1939- |
| 9 (RLIN) | 113463 |
| 245 13 - MENCIÓN DEL TÍTULO | |
| Título | La penetración americana en España / |
| Mención de responsabilidad, etc. | Manuel Vázquez Montalbán. |
| 260 ## - PUBLICACIÓN, DISTRIBUCIÓN, ETC. | |
| Lugar de publicación, distribución, etc. | Madrid : |
| Nombre del editor, distribuidor, etc. | Cuadernos para el Diálogo, |
| Fecha de publicación, distribución, etc. | [1974] |
| 300 ## - DESCRIPCIÓN FÍSICA | |
| Extensión | 439 p. ; |
| Dimensiones | 18 cm. |
| 490 1# - MENCIÓN DE SERIE | |
| Mención de serie | Divulgación universitaria. Historia ; |
| Designación de volumen o secuencia | 62 |
| 651 #4 - PUNTO DE ACCESO ADICIONAL DE MATERIA--NOMBRE GEOGRÁFICO | |
| Nombre geográfico | España- |
| Subdivisión general | Historia- |
| Subdivisión cronológica | S.XX. |
| 9 (RLIN) | 138832 |
| 651 #4 - PUNTO DE ACCESO ADICIONAL DE MATERIA--NOMBRE GEOGRÁFICO | |
| Nombre geográfico | Estados Unidos- |
| Subdivisión general | Historia- |
| Subdivisión cronológica | S.XX. |
| 9 (RLIN) | 8547 |
| 651 #4 - PUNTO DE ACCESO ADICIONAL DE MATERIA--NOMBRE GEOGRÁFICO | |
| Nombre geográfico | España- |
| Subdivisión general | Relaciones económicas- |
| Subdivisión geográfica | Estados Unidos. |
| 9 (RLIN) | 8483 |
| 651 #4 - PUNTO DE ACCESO ADICIONAL DE MATERIA--NOMBRE GEOGRÁFICO | |
| Nombre geográfico | Estados Unidos- |
| Subdivisión general | Relaciones económicas- |
| Subdivisión geográfica | España. |
| 9 (RLIN) | 8570 |
| 710 2# - ENTRADA AGREGADA--NOMBRE DE ENTIDAD CORPORATIVA | |
| Nombre de entidad corporativa o nombre de jurisdicción como elemento de entrada | Cuadernos para el Diálogo. |
| 9 (RLIN) | 3333 |
| 830 1# - PUNTO DE ACCESO ADICIONAL DE SERIE-TÍTULO UNIFORME | |
| Título uniforme | Divulgación universitaria. Historia ; |
| Designación de volumen o secuencia | 62 |
| 9 (RLIN) | 183300 |
| 852 ## - LOCALIZACIÓN | |
| Ubicación | ES-MaACL |
| Número de control de estantería | E-7924 |
| Estatus retirado | Estado de pérdida | Estado de daño | No para préstamo | Biblioteca de origen | Biblioteca actual | Ubicación en estantería | Fecha de adquisición | Fuente de adquisición | Total de préstamos | Signatura topográfica completa | Código de barras | Visto por última vez | Precio de reemplazo | Tipo de ítem Koha |
|---|---|---|---|---|---|---|---|---|---|---|---|---|---|---|
| Biblioteca del Ateneo de Madrid | Biblioteca del Ateneo de Madrid | Depósito 2 | 17/01/2008 | E-7924 | 1156073 | 23/02/2023 | 23/02/2023 | Libro impreso |
